000 00794nam a2200217 i 4500
001 186049
003 ES-MaACL
005 20230906222554.0
008 160906s1965 sp |||| | spa d
245 0 0 _aNaturaleza salvífica de la Iglesia /
_c[autores, Card. J.B. Montini y otros.] ; traducción, revisión, sistematización y publicación a cargo de ISPA.
260 _aBarcelona :
_bEstela,
_c1965.
300 _a94 p. ;
_c23 cm.
490 1 _aColección DO-C ;
_v4
611 0 4 _aConcilio Vaticano (
_n2º.
_d1962-1965)
_9122
650 0 4 _aIglesia.
_913549
700 1 _aPablo
_bVI,
_cPapa, Santo.
_9168351
710 0 _aInstituto de Sociología y Pastoral Aplicadas (Barcelona)
_95011
830 0 _aColección DO-C ;
_v4
_9192471
852 _aES-MaACL
_jE-4738
999 _c186049
_d186049